|
|
|
|
| LEADER |
01375nam a2200265 a 4500 |
| 001 |
4015995 |
| 008 |
100720s1996 maua 001 0 eng d |
| 010 |
|
|
|a 97017610
|
| 020 |
|
|
|a 0070213933
|
| 040 |
|
|
|a DLC
|c DLC
|d DLC
|d BD-DhAAL
|
| 082 |
0 |
0 |
|a 657
|2 21
|
| 245 |
0 |
0 |
|a Fundamental financial accounting concepts /
|c Thomas P. Edmonds ... [et al.].
|
| 260 |
|
|
|a Boston :
|b McGraw-Hill,
|c c1996.
|
| 300 |
|
|
|a xix, 601 p. :
|b col. ill. ;
|c 26 cm.
|
| 504 |
|
|
|a Includes index.
|
| 541 |
1 |
|
|e 00014812
|
| 650 |
|
0 |
|a Accounting.
|
| 700 |
1 |
|
|a Edmonds, Thomas P.
|
| 852 |
4 |
|
|a Ayesha Abed Library
|j General shelf
|
| 999 |
|
|
|c 9360
|d 9360
|
| 952 |
|
|
|0 0
|1 0
|2 ddc
|4 0
|6 657_FUN_199600000000000
|7 0
|9 12090
|a BRACUL
|b BRACUL
|c GEN
|d 2010-09-26
|l 3
|m 14
|o 657 FUN
|p 3010014812
|r 2022-09-15
|s 2022-09-08
|t 1
|w 2010-09-26
|y BK
|
| 952 |
|
|
|0 0
|1 0
|2 ddc
|4 0
|6 657_000000000000000_FUN
|7 0
|9 43197
|a SCL
|b SCL
|c GEN
|d 1999-05-09
|l 1
|m 3
|o 657 FUN
|p 3020001776
|r 2022-08-23
|s 2022-07-22
|t 2
|w 2014-07-16
|y BK
|
| 952 |
|
|
|0 0
|1 0
|2 ddc
|4 0
|6 657_000000000000000_FUN
|7 0
|9 43198
|a SCL
|b SCL
|c GEN
|d 1999-01-26
|l 0
|o 657 FUN
|p 3020001397
|r 2014-07-16
|t 3
|w 2014-07-16
|y BK
|
| 952 |
|
|
|0 0
|1 0
|2 ddc
|4 0
|6 657_000000000000000_FUN
|7 0
|9 43199
|a SCL
|b SCL
|c GEN
|d 1999-01-25
|l 0
|o 657 FUN
|p 3020001374
|r 2014-07-16
|t 4
|w 2014-07-16
|y BK
|
| 952 |
|
|
|0 0
|1 0
|2 ddc
|4 0
|6 657_000000000000000_FUN
|7 0
|9 43202
|a SCL
|b SCL
|c GEN
|d 1999-01-27
|l 0
|o 657 FUN
|p 3020001544
|r 2014-07-16
|t 5
|w 2014-07-16
|y BK
|